00305nam a2200109Ia 4500008004100000041000800041100001600049245007200065260002100137300000800158700002900166250110s9999 xx 000 0 und d aeng aKale Aloka. aReinventing Transit Experience At Baiyyappanahalli Bengaluru India. bBNCA, Punec2019 a81p aGuide Name:Bangad Mahesh